000 01496nam a2200313 i 4500
001 61533
003 ES-MaACL
005 20250811071124.0
007 t|
008 031112s1912 sp f |||| | spa d
080 _a904(460.186)
245 0 0 _aExcavaciones de Numancia :
_bmemoria presentada al Ministerio de Instrucción Pública y Bellas Artes por la Comisión Ejecutiva /
_ccon fototipias de Hauser y Menet ; fotograbados y fotocromos de Laporta y litografías de Foruny.
260 _aMadrid :
_b[s.n.],
_c1912 (
_fImp. Artística de José Blass y Cía.)
300 _aXIV, 51 p., LXV lám. col. y n., IV planos :
_bil. ;
_c32 cm.
505 8 _aContiene: Las excavaciones . Las ruinas de Numancia . Museo Numantino
530 _aDisponible en formato digital.
610 2 4 _aMuseo Numantino.
_95908
650 4 _aExcavaciones arqueológicas-
_zSoria (Provincia)
_912648
651 4 _aNumancia (Ciudad desaparecida)
_9143146
700 1 _aLaporta, Francisco,
_d1850-1914
_9152865
700 1 _aForuny, Antonio.
_9169925
710 2 _aHauser y Menet (Madrid)
_94558
710 1 _aEspaña.
_bMinisterio de Instrucción Pública y Bellas Artes
_9226896
852 _aES-MaACL
_jF-490
_cDEPO2
_zRevisado enlace: 21 de julio de 2025
852 _aES-MaACL
_jG-5780
_cDEPO2
_zRevisado enlacer: 21 de julio de 2025
856 4 _uhttp://bibliotecadigital.jcyl.es/i18n/consulta/registro.cmd?id=652
_yBiblioteca Digital de Castilla y León
942 _2udc
999 _c61533
_d61533